000 00562nam a2200193Ia 4500
005 20260114185636.0
008 008 260114s9999 xx 000 0 eng d
020 _a9780755618644
037 _aEBOOK
040 _aCRL
_beng
_cCRL
041 _aeng
_2eng
084 _qCRL
100 _aMartin Robson
_9872591
245 2 _aA History of the Royal Navy The Seven Years War
260 _bBloomsbury
_c2015
856 _uhttps://doi.org/10.5040/9780755618644?locatt=label:secondary_bloomsburyCollections
942 _cEBOOK
999 _c1471539
_d1471539